[Event "NRW Class1 1516"]
[Site "Germany"]
[Date "2016.04.03"]
[Round "8.1"]
[White "Maslak, Sulejman"]
[Black "Kabatianski, Alexander"]
[Result "1/2-1/2"]
[WhiteElo "2301"]
[BlackElo "2378"]
[PlyCount "122"]
[EventDate "2015.09.27"]
[EventType "team-tourn"]
[EventRounds "9"]
[EventCountry "GER"]
[SourceTitle "EXT 2017"]
[Source "ChessBase"]
[SourceDate "2016.10.25"]
[SourceVersion "1"]
[SourceVersionDate "2016.10.25"]
[SourceQuality "1"]
[WhiteTeam "Duisburg"]
[BlackTeam "Emsdetten Rochade"]
[WhiteTeamCountry "GER"]
[BlackTeamCountry "GER"]

1. c4 c5 2. Nc3 Nf6 3. g3 d5 4. cxd5 Nxd5 5. Bg2 Nc7 6. Nf3 Nc6 7. 0-0 e5 8. b3 Be7 9. Bb2 0-0 10. Rc1 f6 11. Na4 Na6 12. e3 Bg4 13. h3 Bh5 14. g4 Bf7 15. d4 exd4 16. exd4 Qa5 17. Nh4 cxd4 18. Nf5 Rfe8 19. Rxc6 bxc6 20. Bxc6 Bf8 21. Bxa8 Rxa8 22. Qxd4 Nc7 23. Bc3 Qa6 24. f4 Nd5 25. Ne3 Nxe3 26. Qxe3 Re8 27. Qd4 Qb7 28. Rf2 Qc7 29. Kh2 Rd8 30. Qe3 Qc6 31. Bd4 Re8 32. Qf3 Bd5 33. Qd1 Bb4 34. Qc2 Qe6 35. Nc5 Qe1 36. Nd3 Qh1+ 37. Kg3 Bd6 38. Kh4 h6 39. f5 Be4 40. Qc1 Qxc1 41. Nxc1 Rc8 42. Ne2 Bb4 43. Ng3 Bb1 44. Rb2 Bd3 45. Bxa7 Be1 46. Rg2 Kf7 47. Be3 Bb4 48. Nh5 Ra8 49. Nf4 Bb1 50. a4 Rb8 51. Bd2 Bc5 52. b4 Bxb4 53. a5 Bd6 54. a6 Ra8 55. Rg1 Ba2 56. Rc1 Rxa6 57. Rc8 Bxf4 58. Bxf4 Bb3 59. Be3 Bd5 60. Bc5 Ra8 61. Rxa8 Bxa8 1/2-1/2

[Event "Oberliga NRW 1213"]
[Site "Germany"]
[Date "2013.04.07"]
[Round "8.8"]
[White "Maslak, Sulejman"]
[Black "Limbourg, Philipp"]
[Result "1-0"]
[WhiteElo "2226"]
[BlackElo "2042"]
[PlyCount "115"]
[EventDate "2012.09.16"]
[EventType "team-tourn"]
[EventRounds "9"]
[EventCountry "GER"]
[SourceTitle "EXT 2017"]
[Source "ChessBase"]
[SourceDate "2016.10.25"]
[SourceVersion "1"]
[SourceVersionDate "2016.10.25"]
[SourceQuality "1"]
[WhiteTeam "Duisburg PSV"]
[BlackTeam "Muelheim Nord II"]
[WhiteTeamCountry "GER"]
[BlackTeamCountry "GER"]

1. c4 e6 2. Nc3 f5 3. d4 Bb4 4. g3 Nf6 5. Bg2 0-0 6. e3 Bxc3+ 7. bxc3 c5 8. Ne2 Qc7 9. Ba3 d6 10. 0-0 Nbd7 11. Qb3 Ne4 12. Rfd1 b6 13. Nf4 Re8 14. f3 Nef6 15. e4 fxe4 16. fxe4 Bb7 17. d5 e5 18. Ne6 Qb8 19. Qc2 Nf8 20. Ng5 Qd8 21. Bc1 h6 22. Nf3 Ng6 23. Qe2 Bc8 24. h3 Rf8 25. Kh2 Bd7 26. a4 a5 27. Rd2 Ne7 28. Rb2 Nc8 29. Nh4 Qe8 30. Qd1 Ra7 31. g4 g5 32. Nf5 Bxf5 33. gxf5 Qh5 34. Qxh5 Nxh5 35. h4 Rg7 36. hxg5 hxg5 37. Be3 Kf7 38. Rh1 Rh8 39. Kg1 Kg8 40. Bf3 Nf4 41. Rxh8+ Kxh8 42. f6 Rc7 43. Bg4 Kg8 44. Be6+ Kh7 45. Bxf4 exf4 46. Rg2 Kg6 47. f7 Rxf7 48. Bxf7+ Kxf7 49. Rxg5 Ne7 50. e5 dxe5 51. Rxe5 Ng6 52. Re4 Ne7 53. Rxf4+ Kg6 54. d6 Nc6 55. d7 Kg7 56. Kf2 Nd8 57. Re4 Kf7 58. Re8 1-0

[Event "Oberliga NRW 1213"]
[Site "Germany"]
[Date "2013.02.17"]
[Round "6.7"]
[White "Kloster, Josef"]
[Black "Maslak, Sulejman"]
[Result "0-1"]
[WhiteElo "2028"]
[BlackElo "2226"]
[PlyCount "78"]
[EventDate "2012.09.16"]
[EventType "team-tourn"]
[EventRounds "9"]
[EventCountry "GER"]
[SourceTitle "EXT 2017"]
[Source "ChessBase"]
[SourceDate "2016.10.25"]
[SourceVersion "1"]
[SourceVersionDate "2016.10.25"]
[SourceQuality "1"]
[WhiteTeam "Dortmund Hansa II"]
[BlackTeam "Duisburg PSV"]
[WhiteTeamCountry "GER"]
[BlackTeamCountry "GER"]

1. d4 d5 2. Nf3 e6 3. c4 c6 4. Nc3 dxc4 5. a4 Bb4 6. e3 b5 7. Bd2 Qb6 8. Be2 Nf6 9. 0-0 0-0 10. Qc2 a5 11. Rad1 Nbd7 12. e4 Bxc3 13. bxc3 h6 14. Rb1 Qa6 15. Nh4 Nb6 16. e5 Nfd5 17. axb5 cxb5 18. f4 f5 19. exf6 Rxf6 20. f5 exf5 21. Nxf5 Bxf5 22. Rxf5 Raf8 23. Rbf1 Qc8 24. Bg4 Qe8 25. h3 Rxf5 26. Rxf5 Rxf5 27. Qxf5 b4 28. Bf3 Qf7 29. Bxd5 Qxd5 30. Qg6 Nd7 31. Bxh6 Qf7 32. Qg3 b3 33. Bc1 Nf6 34. Qb8+ Kh7 35. Ba3 Ne4 36. Qe5 Nxc3 37. Kh2 Nd5 38. Bc1 Qc7 39. Bf4 Qxe5 0-1

[Event "Ruhrgebiet VK1 0708"]
[Site "Germany"]
[Date "2007.10.21"]
[Round "2.1"]
[White "Maslak, Sulejman"]
[Black "Barskij, Alexander"]
[Result "1-0"]
[WhiteElo "2289"]
[BlackElo "1993"]
[PlyCount "59"]
[EventDate "2007.09.16"]
[EventType "team"]
[EventRounds "9"]
[EventCountry "GER"]
[SourceTitle "EXT 2009"]
[Source "ChessBase"]
[SourceDate "2008.11.26"]
[SourceVersion "1"]
[SourceVersionDate "2008.11.26"]
[SourceQuality "1"]
[WhiteTeam "Ickern"]
[BlackTeam "Brackel III"]
[WhiteTeamCountry "GER"]
[BlackTeamCountry "GER"]

1. c4 e5 2. Nc3 Nf6 3. g3 c6 4. Bg2 d5 5. cxd5 cxd5 6. Qb3 Nc6 7. Nxd5 Nd4 8. Nxf6+ gxf6 9. Qd1 Qc7 10. Kf1 Be6 11. b3 Nc2 12. Rb1 Rc8 13. Bb2 Ba3 14. Bc3 Nb4 15. Ra1 0-0 16. e4 Nd3 17. Qf3 Rfd8 18. Qxf6 Be7 19. Qh6 Qb6 20. Qe3 Qa6 21. Bf3 Nxf2+ 22. Kxf2 Bc5 23. d4 exd4 24. Qg5+ Kf8 25. Bd2 d3+ 26. Kg2 Ba3 27. Nh3 Rd7 28. Nf4 Rc2 29. Nxe6+ Qxe6 30. Rhd1 1-0

[Event "Ruhrgebiet VK1 0708"]
[Site "Germany"]
[Date "2007.09.16"]
[Round "1.1"]
[White "Sokalsky, Alexander"]
[Black "Maslak, Sulejman"]
[Result "1/2-1/2"]
[WhiteElo "2199"]
[BlackElo "2289"]
[PlyCount "43"]
[EventDate "2007.09.16"]
[EventType "team"]
[EventRounds "9"]
[EventCountry "GER"]
[SourceTitle "EXT 2009"]
[Source "ChessBase"]
[SourceDate "2008.11.26"]
[SourceVersion "1"]
[SourceVersionDate "2008.11.26"]
[SourceQuality "1"]
[WhiteTeam "Altstadt RE"]
[BlackTeam "Ickern"]
[WhiteTeamCountry "GER"]
[BlackTeamCountry "GER"]

1. d4 d5 2. c4 e6 3. Nc3 f5 4. g3 c6 5. Nf3 Nf6 6. Bg2 Bd6 7. Qb3 0-0 8. Bg5 Nbd7 9. e3 h6 10. cxd5 exd5 11. Bf4 Be7 12. 0-0-0 g5 13. Be5 Ne4 14. Rhf1 Qb6 15. Nd2 Qxb3 16. Nxb3 a5 17. Ne2 a4 18. Na1 a3 19. b3 b6 20. f3 Nd6 21. Nc3 Ba6 22. Rf2 1/2-1/2

[Event "Oberliga NRW 0607"]
[Site "Germany"]
[Date "2006.09.17"]
[Round "1.7"]
[White "Lehmann, Holger"]
[Black "Maslak, Sulejman"]
[Result "1/2-1/2"]
[WhiteElo "2228"]
[BlackElo "2289"]
[PlyCount "132"]
[EventDate "2006.09.17"]
[EventType "team-tourn"]
[EventRounds "9"]
[EventCountry "GER"]
[SourceTitle "EXT 2007"]
[Source "ChessBase"]
[SourceDate "2006.11.23"]
[SourceVersion "1"]
[SourceVersionDate "2006.11.23"]
[SourceQuality "1"]
[WhiteTeam "Wattenscheid II"]
[BlackTeam "Duisburg"]
[WhiteTeamCountry "GER"]
[BlackTeamCountry "GER"]

1. d4 d5 2. c4 e6 3. Nf3 Nf6 4. Qc2 c6 5. e3 Ne4 6. Bd3 f5 7. 0-0 Bd6 8. b3 0-0 9. Ba3 Bxa3 10. Nxa3 Qe7 11. Nb1 Nd7 12. Nbd2 c5 13. cxd5 exd5 14. dxc5 Ndxc5 15. b4 Ne6 16. Qb3 Rd8 17. Qb2 a5 18. a3 a4 19. Rfd1 g6 20. Rac1 Nf6 21. Qe5 Qf7 22. h3 Nd7 23. Qg3 f4 24. exf4 Nxf4 25. Ng5 Qf6 26. Nde4 dxe4 27. Bc4+ Kh8 28. Qh4 Kg7 29. Qxh7+ Kf8 30. Nxe4 Qg7 31. Qh4 Nxh3+ 32. gxh3 g5 33. Nxg5 Ke7 34. Kf1 Nf6 35. Rxd8 Kxd8 36. Qd4+ Ke8 37. Qe5+ Qe7 38. Qxe7+ Kxe7 39. h4 Bd7 40. Re1+ Kd6 41. Ne4+ Nxe4 42. Rxe4 b5 43. Be2 Rg8 44. h5 Bh3+ 45. Ke1 Rg1+ 46. Kd2 Ra1 47. Bxb5 Rxa3 48. Bc4 Rf3 49. Ke2 Rc3 50. Kd2 Rf3 51. Rh4 Bf5 52. h6 Bh7 53. Rh5 Rxf2+ 54. Kc3 Rc2+ 55. Kd4 Kc6 56. Rc5+ Kd6 57. Bd3 Bxd3 58. Kxd3 Rh2 59. Ra5 Kc7 60. Ra6 Kb7 61. b5 a3 62. Kc4 a2 63. Kb3 Rxh6 64. Rxa2 Rh4 65. Rc2 Kb6 66. Rc4 Rh1 1/2-1/2

[Event "Oberliga NRW 0405"]
[Site "Germany"]
[Date "2004.10.31"]
[Round "2.5"]
[White "Maslak, Sulejman"]
[Black "Partenheimer, Axel"]
[Result "1/2-1/2"]
[WhiteElo "2270"]
[BlackElo "2181"]
[PlyCount "111"]
[EventDate "2004.10.10"]
[EventType "team-tourn"]
[EventRounds "9"]
[EventCountry "GER"]
[SourceTitle "EXT 2006"]
[Source "ChessBase"]
[SourceDate "2005.11.24"]
[SourceVersion "1"]
[SourceVersionDate "2005.11.24"]
[SourceQuality "1"]
[WhiteTeam "Duisburg/Hochheide"]
[BlackTeam "Gelsenkirchen"]
[WhiteTeamCountry "GER"]
[BlackTeamCountry "GER"]

1. c4 c5 2. Nc3 Nf6 3. g3 e6 4. e4 d5 5. cxd5 exd5 6. e5 Ne4 7. Bg2 Nc6 8. Nxe4 dxe4 9. Bxe4 Nxe5 10. Qe2 Qe7 11. Kf1 g6 12. d4 cxd4 13. Qb5+ Bd7 14. Qxb7 Rc8 15. Bf4 Bg7 16. Re1 0-0 17. Bxe5 Bxe5 18. Bf3 Rc7 19. Qb3 Qd6 20. Kg2 Be6 21. Qa4 Rfc8 22. Be4 Bd5 23. Nf3 Bf6 24. Bxd5 Qxd5 25. Re8+ Rxe8 26. Qxe8+ Kg7 27. g4 Re7 28. Qb8 d3 29. Qb3 Qxb3 30. axb3 Rb7 31. Nd2 Bxb2 32. Rb1 Bc3 33. Ne4 Bb4 34. Kf3 f5 35. gxf5 gxf5 36. Ng3 Kf6 37. Rd1 d2 38. Nf1 Ba5 39. Nxd2 Bxd2 40. Rxd2 Rxb3+ 41. Kf4 Rb4+ 42. Kf3 a5 43. Rd7 h5 44. Ra7 a4 45. Kg3 Rg4+ 46. Kf3 Kg5 47. Ra8 Rb4 48. Rc8 Rb3+ 49. Kg2 a3 50. Rc4 h4 51. h3 f4 52. Kh2 Kf5 53. Kg2 Kg5 54. Kh2 Rf3 55. Kg2 Rd3 56. Kh2 1/2-1/2

[Event "Oberliga NRW 0304"]
[Site "Germany"]
[Date "2004.03.28"]
[Round "8.6"]
[White "Fuchs, Thomas"]
[Black "Maslak, Sulejman"]
[Result "1/2-1/2"]
[WhiteElo "2042"]
[BlackElo "2285"]
[PlyCount "129"]
[EventDate "2003.09.28"]
[EventType "team-tourn"]
[EventRounds "9"]
[EventCountry "GER"]
[SourceTitle "CBM 098 Extra"]
[Source "ChessBase"]
[SourceDate "2004.03.10"]
[SourceVersion "2"]
[SourceVersionDate "2004.03.10"]
[SourceQuality "1"]
[WhiteTeam "Elberfeld"]
[BlackTeam "Duisburg"]
[WhiteTeamCountry "GER"]
[BlackTeamCountry "GER"]

1. e4 e6 2. d4 d5 3. Nd2 Nf6 4. e5 Nfd7 5. Bd3 c5 6. c3 Nc6 7. Ngf3 b6 8. 0-0 Bb7 9. Re1 Qc7 10. Nf1 h6 11. h4 0-0-0 12. g3 Be7 13. N1h2 Rdg8 14. Ng4 Nd8 15. Bd2 f6 16. exf6 gxf6 17. Bf4 Bd6 18. Bxd6 Qxd6 19. Ne3 f5 20. Bxf5 exf5 21. Nxf5 Qf6 22. Ne7+ Kc7 23. Nxg8 Rxg8 24. Qe2 Nf7 25. Kg2 Nd6 26. Qe7 Ne4 27. Qxf6 Ndxf6 28. Ne5 Nh5 29. Rad1 a5 30. Re3 a4 31. a3 Nf4+ 32. Kf3 Nh3 33. Kg2 Nhxf2 34. Rf1 Ng4 35. Rf7+ Kb8 36. Nxg4 Rxg4 37. Rh7 Rg6 38. Rf3 cxd4 39. cxd4 Rc6 40. Rff7 Bc8 41. Kf3 Rc2 42. Kf4 Rxb2 43. Ke5 Nxg3 44. Rxh6 Rb3 45. Kxd5 Bb7+ 46. Kc4 Ne4 47. d5 Ba6+ 48. Kd4 Nc5 49. Rh8+ Bc8 50. Rff8 Rxa3 51. Rxc8+ Kb7 52. Rc6 Rb3 53. Rh7+ Ka6 54. Kc4 Rb1 55. Rcc7 Rc1+ 56. Kb4 Rb1+ 57. Kc4 Rc1+ 58. Kb4 Rb1+ 59. Ka3 Rb3+ 60. Ka2 Rd3 61. Rh5 Kb5 62. Rf5 Rd2+ 63. Ka3 Rd3+ 64. Ka2 Rd2+ 65. Ka3 1/2-1/2

[Event "Oberliga NRW 0203 II"]
[Site "Germany"]
[Date "2003.01.05"]
[Round "4.7"]
[White "Maslak, Sulejman"]
[Black "Schirbel, Andreas"]
[Result "1-0"]
[WhiteElo "2236"]
[BlackElo "2277"]
[PlyCount "49"]
[EventDate "2002.10.06"]
[EventType "team"]
[EventRounds "9"]
[EventCountry "GER"]
[SourceTitle "EXT 2004"]
[Source "ChessBase"]
[SourceDate "2003.11.25"]
[SourceVersion "1"]
[SourceVersionDate "2003.11.25"]
[SourceQuality "1"]
[WhiteTeam "Duisburg/Hochheide"]
[BlackTeam "Gelsenkirchen"]
[WhiteTeamCountry "GER"]
[BlackTeamCountry "GER"]

1. c4 e5 2. Nc3 d6 3. g3 f5 4. Bg2 Nf6 5. d4 Be7 6. dxe5 dxe5 7. Qxd8+ Bxd8 8. Nf3 Nc6 9. 0-0 0-0 10. b3 e4 11. Ne1 Be6 12. f3 exf3 13. Bxf3 Be7 14. Nd3 Rad8 15. Bf4 Ne8 16. Rad1 Bf6 17. Nd5 Nd4 18. Nxf6+ gxf6 19. Bxb7 Nxe2+ 20. Kg2 Nc3 21. Rde1 Bf7 22. Nc5 Nd6 23. Bc6 Be8 24. Bf3 Bf7 25. Re7 1-0

[Event "Oberliga NRW 0102 II"]
[Site "Germany"]
[Date "2001.09.30"]
[Round "1.7"]
[White "Maslak, Sulejman"]
[Black "Krallmann, Matthias"]
[Result "0-1"]
[WhiteElo "2236"]
[BlackElo "2287"]
[PlyCount "38"]
[EventDate "2001.10.??"]
[EventType "team"]
[EventRounds "9"]
[EventCountry "GER"]
[SourceTitle "EXT 2004"]
[Source "ChessBase"]
[SourceDate "2003.11.25"]
[SourceVersion "1"]
[SourceVersionDate "2003.11.25"]
[SourceQuality "1"]
[WhiteTeam "Duisburg/Hochheide"]
[BlackTeam "Lippstadt Turm"]
[WhiteTeamCountry "GER"]
[BlackTeamCountry "GER"]

1. c4 c5 2. Nc3 Nf6 3. g3 e6 4. e4 Nc6 5. Bg2 d5 6. cxd5 exd5 7. e5 Nxe5 8. Qe2 Qe7 9. Nxd5 Nxd5 10. Bxd5 g6 11. Kf1 Bg7 12. Kg2 0-0 13. f4 Bg4 14. Qe4 Bf5 15. Qe2 Qd7 16. Bf3 Nxf3 17. Nxf3 Rfe8 18. Qf2 Bh3+ 19. Kg1 Qd3 0-1